Largest Cities in Ontario - Statistics

General Stats
  • This quiz has been taken 65 times
    57 since last reset
  • The average score is 7 of 10
Answer Stats
Rank Answer % Correct
1 Toronto
100%
2 Ottawa
96%
6 London
79%
5 Hamilton
77%
3 Mississauga
74%
9 Kitchener
64%
10 Windsor
64%
4 Brampton
57%
8 Vaughan
47%
7 Markham
45%
No matching quizzes found
Score Distribution
Percent of People with Each Score
Percentile by Number Answered
Your Score History
You have not taken this quiz since the last reset